Detalles MARC
| 000 -ENCABEZADO |
| Número de control [NR] |
01732cam a2200289Ia 4500 |
| 001 - NÚMERO DE CONTROL |
| control field |
ocm38822546 |
| 005 - FECHA Y HORA DE LA ÚLTIMA TRANSACCIÓN |
| control field |
20171117110035.0 |
| 008 - DE LONGITUD FIJA DE DATOS DE ELEMENTOS - INFORMACIÓN GENERAL |
| Elementos de longitud fija [NR] |
171117s1997 nyu b 001 0 eng d |
| 010 ## - NUMERO DE CONTROL DE LA BIBLIOTECA DEL CONGRESO (LC) [NR] |
| Número de control LC [NR] |
96049432 |
| 020 ## - NUMERO INTERNACIONAL NORMALIZADO PARA LIBROS [R] |
| Número Internacional Normalizado del libro [NR] |
0609801724 |
| 020 ## - NUMERO INTERNACIONAL NORMALIZADO PARA LIBROS [R] |
| Número Internacional Normalizado del libro [NR] |
9780609801727 |
| 029 1# - OTRO SISTEMA DE NÚMERO DE CONTROL (OCLC) |
| OCLC library identifier |
AU@ |
| System control number |
000054898065 |
| 035 ## - NUMERO DE CONTROL DEL SISTEMA [R] |
| Número de control del sistema [NR] |
(OCoLC)38822546 |
| Numero Cancelado/no válido [R] |
(OCoLC)48629697 |
| -- |
(OCoLC)793426400 |
| -- |
(OCoLC)964601392 |
| 040 ## - FUENTE DE CATALOGACION [NR] |
| Agencia de catalogación original [NR] |
Co-BoUCM |
| Idioma de catalogación [NR] |
spa |
| Quien Cataloga |
Saul Niño |
| Quien Clasifica |
Saul Niño |
| 041 0# - CODIGO DE IDIOMA [R] |
| Código de idioma para texto/pista de sonido o título separado [R] |
Inglés |
| 100 1# - ASIENTO PRINCIPAL--NOMBRE PERSONAL [NR] |
| Nombre personal [NR] |
Weatherford, J. McIver |
| ID Autoridad |
89145 |
| 245 14 - MENCION DE TITULO [NR] |
| Título [NR] |
The history of money |
| Parte restante del título [NR] |
from sandstone to cyberspace |
| Mención de responsabilidad, etc. [NR] |
Jack Weatherford. |
| 260 ## - PUBLICACION, DISTRIBUCION, ETC. (PIE DE IMPRENTA) [R] |
| Lugar de publicación, distribución, etc. [R] |
New York |
| Nombre del editor, distribuidor, etc. [R] |
Three Rivers Press |
| Fecha de publicación, distribución, etc. [R] |
1997 |
| 300 ## - DESCRIPCION FISICA [R] |
| Extensión [R] |
xv, 288 páginas |
| 505 00 - NOTA DE CONTENIDO CON FORMATO PREESTABLECIDO [R] |
| Información miscelánea [R] |
1. |
| State manifest and birth record (1764-1977). |
Cannibals, chocolate, and cash -- |
| Información miscelánea [R] |
2. |
| State manifest and birth record (1764-1977). |
The fifth element -- |
| Información miscelánea [R] |
3. |
| State manifest and birth record (1764-1977). |
The premature death of money -- |
| Información miscelánea [R] |
4. |
| State manifest and birth record (1764-1977). |
Knights of commerce -- |
| Información miscelánea [R] |
5. |
| State manifest and birth record (1764-1977). |
The Renaissance : new money for old art -- |
| Información miscelánea [R] |
6. |
| State manifest and birth record (1764-1977). |
The golden curse -- |
| Información miscelánea [R] |
7. |
| State manifest and birth record (1764-1977). |
The birth of the dollar -- |
| Información miscelánea [R] |
8. |
| State manifest and birth record (1764-1977). |
The devil's mint -- |
| Información miscelánea [R] |
9. |
| State manifest and birth record (1764-1977). |
Metric money -- |
| Información miscelánea [R] |
10. |
| State manifest and birth record (1764-1977). |
The gold bug -- |
| Información miscelánea [R] |
11. |
| State manifest and birth record (1764-1977). |
The yellow brick road -- |
| Información miscelánea [R] |
12. |
| State manifest and birth record (1764-1977). |
The golden playpen of politics -- |
| Información miscelánea [R] |
13. |
| State manifest and birth record (1764-1977). |
Wild money and the stealth tax -- |
| Información miscelánea [R] |
14. |
| State manifest and birth record (1764-1977). |
The cash ghetto -- |
| Información miscelánea [R] |
15. |
| State manifest and birth record (1764-1977). |
Interlude in plastic -- |
| Información miscelánea [R] |
16. |
| State manifest and birth record (1764-1977). |
The erotic life of electronic money -- |
| Información miscelánea [R] |
17. |
| State manifest and birth record (1764-1977). |
The art of currency terror -- |
| Información miscelánea [R] |
18. |
| State manifest and birth record (1764-1977). |
The age of money. |
| 520 ## - NOTA DE RESUMEN, ETC. [R] |
| Nota de sumario, etc. [NR] |
Traces the historical evolution of humankind's relationship with money, from ancient times to the present-day revolutionary transformation in the meaning and use of money as represented by the electronic cash card, and discusses the implications of such changes. |
| 546 ## - NOTA DE IDIOMA [R] |
| Nota de idioma [NR] |
Texto en inglés |
| 650 #7 - ASIENTO SECUNDARIO DE MATERIA - TERMINO TEMATICO [R] |
| Término temático o nombre geográfico como elemento de entrada [NR] |
Moneda |
| Subdivisión general [R] |
Historia |
| 9 (RLIN) |
29104 |
| 650 #7 - ASIENTO SECUNDARIO DE MATERIA - TERMINO TEMATICO [R] |
| Término temático o nombre geográfico como elemento de entrada [NR] |
Finanzas |
| 9 (RLIN) |
7628 |
| 942 ## - ELEMENTOS DE ENTRADA AGREGADOS (KOHA) |
| Sistema de clasificación |
DEWEY |
| Tema principal |
Historia |
| Tipo de ítem principal el descrito en 300a |
Libro |
| Edición |
1 |
| Clasificación |
332.49 |
| Parte restante de la signatura top. |
W362h |